[Event "ROC Nova College 2019"]
[Site "Haarlem"]
[Date "2019.06.29"]
[Round "3.2"]
[White "Kevlishvili, Robby"]
[Black "Sumets, Andrey"]
[Result "1-0"]
[WhiteElo "2473"]
[BlackElo "2577"]
[Annotator "RC"]
[PlyCount "171"]
[EventDate "2019.06.28"]
[EventType "swiss"]
[EventCountry "NED"]
[SourceTitle "playchess.com"]
[Source "ChessBase"]
[SourceQuality "1"]
[TimeControl "5400+15"]

1. e4 {[%emt 0:00:00]} e6 {[%emt 0:00:00]} 2. d4 {[%emt 0:00:00]} d5 {[%emt 0:00:00]} 3. Nc3 {[%emt 0:00:19]} dxe4 {[%emt 0:00:26]} 4. Nxe4 {[%emt 0:00:05]} Nd7 {[%emt 0:00:03]} 5. Nf3 {[%emt 0:00:25]} Ngf6 {[%emt 0:00:04]} 6. Nxf6+ {[%emt 0:00:11]} Nxf6 {[%emt 0:00:05]} 7. Be3 {[%emt 0:00:09]} Bd6 {[%emt 0:03:14]} 8. Bd3 {[%emt 0:00:35]} O-O {[%emt 0:01:49]} 9. Qe2 {[%emt 0:00:44]} b6 {[%emt 0:00:46]} 10. O-O-O {[%emt 0:01:22]} Bb7 {[%emt 0:00:04]} 11. h4 {[%emt 0:00:21]} Qe7 {[%emt 0:05:30]} 12. Kb1 {[%emt 0:04:26]} c5 {[%emt 0:09:26]} 13. Rhg1 {[%emt 0:04:29]} Rac8 {[%emt 0:08:59]} 14. Bg5 {[%emt 0:08:16]} cxd4 {[%emt 0:18:06]} 15. Nxd4 {[%emt 0:00:16]} Rfd8 {[%emt 0:00:37]} 16. g4 {[%emt 0:11:32]} Rd7 {[%emt 0:07:18]} 17. Nf3 {[%emt 0:03:43]} Rcd8 {[%emt 0:02:57]} 18. h5 {[%emt 0:02:47]} Bc7 {[%emt 0:15:51]} 19. Rde1 {[%emt 0:07:13]} h6 {[%emt 0:12:07]} 20. Bc1 {[%emt 0:03:25]} Nd5 {[%emt 0:01:19]} 21. Bb5 {[%emt 0:02:46]} Nf4 {[%emt 0:04:00]} 22. Bxf4 {[%emt 0:00:15]} Bxf4 {[%emt 0:00:03]} 23. Bxd7 {[%emt 0:00:08]} Rxd7 {[%emt 0:00:02]} 24. Rd1 {[%emt 0:00:25]} Rc7 {[%emt 0:00:04]} 25. Rge1 {[%emt 0:07:04]} Rc5 {[%emt 0:01:53]} 26. Nd2 {[%emt 0:05:13]} Re5 {[%emt 0:00:32]} 27. Qf1 {[%emt 0:00:52]} Rd5 {[%emt 0:00:18]} 28. Nb3 {[%emt 0:03:01]} Rxd1+ {[%emt 0:00:18]} 29. Rxd1 {[%emt 0:00:11]} Bf3 {[%emt 0:00:02]} 30. Rd3 {[%emt 0:03:11]} Bxg4 {[%emt 0:00:05]} 31. Qg2 {[%emt 0:00:27]} Qg5 {[%emt 0:00:57]} 32. a4 {[%emt 0:07:54]} Bxh5 {[%emt 0:00:01]} 33. Qa8+ {[%emt 0:01:33]} Kh7 {[%emt 0:00:01]} 34. Qxa7 {[%emt 0:00:21]} Qg1+ {[%emt 0:00:04]} 35. Ka2 {[%emt 0:00:07]} Bg6 {[%emt 0:00:15]} 36. Rc3 {[%emt 0:00:09]} Qxf2 {[%emt 0:00:41]} 37. a5 {[%emt 0:09:19]} Be5 {[%emt 0:00:01]} 38. Qxb6 {[%emt 0:00:09]} Qxb6 {[%emt 0:00:02]} 39. axb6 {[%emt 0:00:05]} Bxc3 {[%emt 0:00:02]} 40. bxc3 {[%emt 0:00:06]} Be4 {[%emt 0:00:02]} 41. Nc5 {[%emt 0:00:06]} Bc6 {[%emt 0:00:02]} 42. b7 {[%emt 0:00:12]} Bxb7 {[%emt 0:00:03]} 43. Nxb7 {[%emt 0:00:08]} h5 {[%emt 0:00:38]} 44. c4 {[%emt 0:00:03]} h4 {[%emt 0:01:01]} 45. c5 {[%emt 0:00:03]} h3 {[%emt 0:00:01]} 46. c6 {[%emt 0:00:09]} h2 {[%emt 0:00:03]} 47. c7 {[%emt 0:00:02]} h1=Q {[%emt 0:00:04]} 48. c8=Q {[%emt 0:07:43]} g5 {[%emt 0:00:30]} 49. Qc7 {[%emt 0:00:00]} Qf3 {[%emt 0:00:50]} 50. Nd6 {[%emt 0:00:00]} Kg6 {[%emt 0:00:05]} 51. Qd8 {[%emt 0:00:00]} Qd5+ {[%emt 0:00:43]} 52. c4 {[%emt 0:00:00]} Qd2+ {[%emt 0:00:01]} 53. Kb3 {[%emt 0:00:00]} Qd3+ {[%emt 0:00:36]} 54. Kb4 {[%emt 0:00:00]} Qd2+ {[%emt 0:00:07]} 55. Kb5 {[%emt 0:00:00]} Qb2+ {[%emt 0:00:08]} 56. Kc6 {[%emt 0:00:00]} g4 {[%emt 0:00:13]} 57. c5 {[%emt 0:00:00]} g3 {[%emt 0:00:10]} 58. Ne4 {[%emt 0:00:00]} g2 {[%emt 0:00:42]} 59. Qg5+ {[%emt 0:00:00]} Kh7 {[%emt 0:00:02]} 60. Nf6+ {[%emt 0:00:00]} Qxf6 {[%emt 0:00:01]} 61. Qxf6 {[%emt 0:00:00]} g1=Q {[%emt 0:00:02]} 62. Qxf7+ {[%emt 0:00:00]} Kh8 {[%emt 0:00:09]} 63. Qxe6 {[%emt 0:00:00]} Qg6 {[%emt 0:00:45]} 64. Kd6 {[%emt 0:00:00]} Qd3+ {[%emt 0:00:21]} 65. Kc7 {[%emt 0:00:00]} Qh7+ {[%emt 0:00:13]} 66. Kc8 {[%emt 0:00:00]} Qc2 {[%emt 0:00:27]} 67. c6 {[%emt 0:00:00]} Qa4 {[%emt 0:00:15]} 68. Qe5+ {[%emt 0:01:10]} Kg8 {[%emt 0:00:07]} 69. c7 {[%emt 0:00:09]} Qc6 {[%emt 0:00:28]} 70. Kd8 {[%emt 0:00:27]} Qb6 {[%emt 0:00:01]} 71. Qd5+ {[%emt 0:00:52]} Kh8 {[%emt 0:00:05]} 72. Kd7 {[%emt 0:00:11]} Qa7 {[%emt 0:00:04]} 73. Qc4 {[%emt 0:01:30]} Kg7 {[%emt 0:00:25]} 74. Qg4+ {[%emt 0:00:19]} Kh8 {[%emt 0:00:13]} 75. Qh4+ {[%emt 0:00:17]} Kg7 {[%emt 0:00:12]} 76. Qe7+ {[%emt 0:00:07]} Kh8 {[%emt 0:00:13]} 77. Qf6+ {[%emt 0:00:46]} Kh7 {[%emt 0:00:16]} 78. Kd8 {[%emt 0:00:18]} Qa5 {[%emt 0:00:08]} 79. Qf7+ {[%emt 0:00:48]} Kh8 {[%emt 0:00:16]} 80. Qf8+ {[%emt 0:00:14]} Kh7 {[%emt 0:00:04]} 81. Qf6 {[%emt 0:00:11]} Qd5+ {[%emt 0:01:05]} 82. Ke8 {[%emt 0:00:08]} Qg8+ {[%emt 0:00:18]} 83. Ke7 {[%emt 0:00:33]} Qg4 {[%emt 0:00:17]} 84. Qf7+ {[%emt 0:00:06]} Kh8 {[%emt 0:00:03]} 85. Qe8+ {[%emt 0:00:23]} Kh7 {[%emt 0:00:02]} 86. c8=Q {[%emt 0:00:12]} 1-0

[Event "ROC Nova College 2019"]
[Site "Haarlem"]
[Date "2019.06.29"]
[Round "3.3"]
[White "Admiraal, Miguoel"]
[Black "Zwirs, Nico"]
[Result "1/2-1/2"]
[WhiteElo "2507"]
[BlackElo "2387"]
[Annotator "RC"]
[PlyCount "64"]
[EventDate "2019.06.28"]
[EventType "swiss"]
[EventCountry "NED"]
[SourceTitle "playchess.com"]
[Source "ChessBase"]
[SourceQuality "1"]
[TimeControl "5400+15"]

1. e4 {[%emt 0:00:28]} c5 {[%emt 0:01:09]} 2. Nf3 {[%emt 0:00:21]} d6 {[%emt 0:00:08]} 3. Bb5+ {[%emt 0:00:34]} Bd7 {[%emt 0:00:06]} 4. Bxd7+ {[%emt 0:00:24]} Qxd7 {[%emt 0:00:11]} 5. c4 {[%emt 0:00:11]} e5 {[%emt 0:00:32]} 6. Nc3 {[%emt 0:01:17]} Ne7 {[%emt 0:03:09]} 7. d3 {[%emt 0:01:17]} g6 {[%emt 0:00:24]} 8. Bg5 {[%emt 0:01:21]} Bg7 {[%emt 0:01:07]} 9. Bxe7 {[%emt 0:02:00]} Qxe7 {[%emt 0:00:09]} 10. Nd5 {[%emt 0:00:09]} Qd7 {[%emt 0:00:15]} 11. a3 {[%emt 0:01:37]} O-O {[%emt 0:03:15]} 12. b4 {[%emt 0:00:57]} f5 {[%emt 0:01:50]} 13. bxc5 {[%emt 0:04:13]} dxc5 {[%emt 0:00:31]} 14. O-O {[%emt 0:00:38]} Nc6 {[%emt 0:01:26]} 15. Re1 {[%emt 0:08:44]} Rae8 {[%emt 0:04:22]} 16. Rb1 {[%emt 0:02:17]} Kh8 {[%emt 0:01:33]} 17. h3 {[%emt 0:11:17]} b6 {[%emt 0:04:28]} 18. Nd2 {[%emt 0:12:05]} Nd4 {[%emt 0:09:18]} 19. a4 {[%emt 0:07:54]} Bh6 {[%emt 0:05:48]} 20. Nf3 {[%emt 0:12:28]} Nxf3+ {[%emt 0:04:21]} 21. Qxf3 {[%emt 0:00:05]} Qxa4 {[%emt 0:00:11]} 22. Ra1 {[%emt 0:00:29]} Qd7 {[%emt 0:01:21]} 23. Re2 {[%emt 0:00:05]} Rb8 {[%emt 0:05:59]} 24. exf5 {[%emt 0:11:35]} Rxf5 {[%emt 0:13:42]} 25. Qe4 {[%emt 0:00:35]} Bg7 {[%emt 0:00:19]} 26. Rea2 {[%emt 0:00:48]} Rb7 {[%emt 0:00:50]} 27. h4 {[%emt 0:03:55]} Rf7 {[%emt 0:01:32]} 28. g3 {[%emt 0:02:06]} Qf5 {[%emt 0:08:49]} 29. Kg2 {[%emt 0:00:38]} Rbd7 {[%emt 0:02:31]} 30. Rb1 {[%emt 0:01:17]} Bf8 {[%emt 0:03:24]} 31. Rba1 {[%emt 0:01:18]} Bg7 {[%emt 0:00:07]} 32. Rb1 {[%emt 0:00:03]} Bf8 {[%emt 0:00:06]} 1/2-1/2

[Event "ROC Nova College 2019"]
[Site "Haarlem"]
[Date "2019.06.29"]
[Round "3.4"]
[White "Van Oosterom, Chiel"]
[Black "Merbis, Max"]
[Result "1-0"]
[WhiteElo "2397"]
[BlackElo "2103"]
[Annotator "RC"]
[PlyCount "105"]
[EventDate "2019.06.28"]
[EventType "swiss"]
[EventCountry "NED"]
[SourceTitle "playchess.com"]
[Source "ChessBase"]
[SourceQuality "1"]
[TimeControl "5400+15"]

1. c4 {[%emt 0:00:00]} e6 {[%emt 0:00:00]} 2. g3 {[%emt 0:00:00]} d5 {[%emt 0:00:01]} 3. Bg2 {[%emt 0:00:05]} Nf6 {[%emt 0:00:15]} 4. Nf3 {[%emt 0:00:10]} Be7 {[%emt 0:03:38]} 5. O-O {[%emt 0:00:12]} O-O {[%emt 0:00:16]} 6. b3 {[%emt 0:00:13]} b6 {[%emt 0:00:35]} 7. Bb2 {[%emt 0:00:10]} Bb7 {[%emt 0:00:08]} 8. e3 {[%emt 0:00:30]} c5 {[%emt 0:02:26]} 9. Nc3 {[%emt 0:00:46]} Nc6 {[%emt 0:03:59]} 10. cxd5 {[%emt 0:01:06]} Nxd5 {[%emt 0:04:32]} 11. Nxd5 {[%emt 0:01:49]} exd5 {[%emt 0:00:52]} 12. d4 {[%emt 0:01:07]} Re8 {[%emt 0:08:07]} 13. Qd2 {[%emt 0:04:17]} Bf6 {[%emt 0:11:09]} 14. dxc5 {[%emt 0:14:10]} Bxb2 {[%emt 0:01:13]} 15. Qxb2 {[%emt 0:00:06]} bxc5 {[%emt 0:00:03]} 16. Rfd1 {[%emt 0:00:22]} Qd6 {[%emt 0:09:47]} 17. Rac1 {[%emt 0:06:03]} Rac8 {[%emt 0:02:26]} 18. Ng5 {[%emt 0:11:46]} Nb4 {[%emt 0:08:31]} 19. a3 {[%emt 0:02:57]} Na6 {[%emt 0:01:17]} 20. Qb1 {[%emt 0:11:26]} g6 {[%emt 0:04:49]} 21. Bxd5 {[%emt 0:05:21]} Bxd5 {[%emt 0:00:18]} 22. e4 {[%emt 0:00:13]} h6 {[%emt 0:09:45]} 23. Rxd5 {[%emt 0:00:39]} Qe7 {[%emt 0:00:27]} 24. Nf3 {[%emt 0:02:04]} Qxe4 {[%emt 0:03:45]} 25. Qxe4 {[%emt 0:00:13]} Rxe4 {[%emt 0:00:01]} 26. Rd7 {[%emt 0:00:16]} Nb8 {[%emt 0:00:37]} 27. Rxa7 {[%emt 0:00:59]} Nc6 {[%emt 0:00:09]} 28. Rd7 {[%emt 0:04:54]} Rb8 {[%emt 0:04:21]} 29. Rxc5 {[%emt 0:04:03]} Rxb3 {[%emt 0:01:35]} 30. Nd2 {[%emt 0:00:07]} Re1+ {[%emt 0:00:18]} 31. Kg2 {[%emt 0:00:05]} Rb6 {[%emt 0:00:51]} 32. Nc4 {[%emt 0:00:08]} Ra6 {[%emt 0:01:48]} 33. h4 {[%emt 0:04:58]} Re6 {[%emt 0:01:09]} 34. h5 {[%emt 0:04:11]} gxh5 {[%emt 0:01:36]} 35. Rxh5 {[%emt 0:00:22]} Ra4 {[%emt 0:00:50]} 36. Rc5 {[%emt 0:00:20]} Kg7 {[%emt 0:01:04]} 37. Rb7 {[%emt 0:02:43]} Nd8 {[%emt 0:01:53]} 38. Rb8 {[%emt 0:01:38]} Rc6 {[%emt 0:00:42]} 39. Rb4 {[%emt 0:03:06]} Rca6 {[%emt 0:01:21]} 40. Rc8 {[%emt 0:00:51]} Ne6 {[%emt 0:00:34]} 41. Rbb8 {[%emt 0:00:42]} Kf6 {[%emt 0:00:54]} 42. Rb3 {[%emt 0:00:38]} Kg7 {[%emt 0:00:33]} 43. Rb4 {[%emt 0:00:51]} Ra7 {[%emt 0:00:44]} 44. Rbb8 {[%emt 0:00:25]} Kf6 {[%emt 0:00:12]} 45. Ne3 {[%emt 0:01:06]} Rd7 {[%emt 0:00:39]} 46. Rh8 {[%emt 0:00:16]} Rxa3 {[%emt 0:00:35]} 47. Ng4+ {[%emt 0:00:29]} Ke7 {[%emt 0:00:27]} 48. Rbe8+ {[%emt 0:00:18]} Kd6 {[%emt 0:00:04]} 49. Nxh6 {[%emt 0:00:06]} Ra2 {[%emt 0:00:26]} 50. Rh7 {[%emt 0:00:25]} Ng5 {[%emt 0:00:21]} 51. Rg7 {[%emt 0:00:05]} f6 {[%emt 0:00:05]} 52. Rg6 {[%emt 0:00:33]} Re7 {[%emt 0:00:25]} 53. Nf5+ {[%emt 0:00:04]} 1-0

[Event "ROC Nova College 2019"]
[Site "Haarlem"]
[Date "2019.06.29"]
[Round "4.1"]
[White "Arnaudov, G. Petar"]
[Black "Van Oosterom, Chiel"]
[Result "1/2-1/2"]
[WhiteElo "2478"]
[BlackElo "2397"]
[Annotator "TA"]
[PlyCount "92"]
[EventDate "2019.06.28"]
[EventType "swiss"]
[EventCountry "NED"]
[SourceTitle "playchess.com"]
[Source "ChessBase"]
[SourceQuality "1"]

{[%evp 9,92,10,21,16,14,9,23,32,47,64,68,47,43,45,48,45,52,40,56,44,67,62,78,48,46,49,42,45,73,73,63,70,78,38,37,36,32,25,41,34,47,31,68,0,104,104,127,140,460,449,986,986,962,963,788,925,805,525,487,-400,-412,-444,-446,-471,-455,-548,-541,-506,-518,-1240,-1243,-1218,-1212,-1006,-190,-284,0,0,0,0,0,0,0,0,0]} 1. Nf3 f5 2. d3 Nc6 3. d4 e6 4. c4 (4. g3 Nf6 5. Bg2 Be7 6. c4 O-O 7. O-O d6 8. d5 Ne5 9. Nd4 Nxc4 10. dxe6 {1-0 (57) Wei,Y (2736)-Amin,B (2704) Abidjan 2019}) 4... Nf6 5. g3 Bb4+ 6. Nbd2 {A04: Unusual lines after 1 Nf3 and King's Indian Attack} O-O 7. Bg2 Qe7 $146 ({Predecessor:} 7... d5 8. O-O Ne4 9. cxd5 exd5 10. a3 Be7 11. Nb3 a5 12. a4 b6 13. h4 Ba6 14. Bf4 Bd6 15. Rc1 Bxf4 16. gxf4 Ne7 {½-½ (16) Bukavshin,I (2616)-Bernadskiy,V (2558) St Petersburg 2014}) 8. O-O {White has an edge.} a5 9. Nb1 {Hoping for a3.} b6 10. a3 Bd6 11. Nc3 Ba6 12. b3 Rae8 13. Bb2 Nd8 14. e3 c6 15. Re1 Nf7 16. e4 fxe4 17. Nxe4 Nxe4 18. Rxe4 Ng5 19. Nxg5 Qxg5 20. Qc2 Qf5 21. Rae1 a4 22. f4 axb3 23. Qxb3 Ra8 24. Kh1 Rfc8 25. R4e3 Qf8 26. d5 (26. Qc2 $14) 26... exd5 (26... cxd5 $11 {remains equal.} 27. cxd5 Bc4) 27. cxd5 $16 c5 28. Qc2 {Threatens to win with Be4.} c4 $2 {[%mdl 8192]} (28... Re8 $16 {is more resistant.}) 29. Be4 $1 $18 {[%cal Re4h7]} h6 (29... Bb7 $142 30. Bxh7+ Kh8) 30. Bh7+ Kh8 31. Qg6 {White wants to mate with Qxh6.} c3 32. Rxc3 Bb7 33. Rd3 {White threatens Qxh6 and mate.} Re8 34. Red1 $4 {[%mdl 8192]} (34. Rxe8 $18 Rxe8 35. Qxh6 Re1+ 36. Kg2 Re2+ {[%mdl 64] Double Attack} 37. Kf3 Rxb2 38. Qh5) 34... Re6 $1 $19 {[%cal Re6g6]} 35. Qf5 Qe7 $1 36. Rf3 Re1+ 37. Rxe1 Qxe1+ 38. Kg2 Qd2+ {[%mdl 64] Double Attack} 39. Rf2 (39. Kh3 $142 Qxb2 40. Bg6) 39... Bxd5+ 40. Kh3 Qxf2 41. Qxd5 Qxb2 $2 ({Less strong is} 41... Kxh7 42. Qf5+ Kh8 {[#]} 43. Bxg7+ $1 {[%mdl 512]} Kxg7 44. Qxd7+ Kh8 45. Qxd6 $17) (41... Qf1+ 42. Kg4 h5+ $1 {[%mdl 512]} 43. Kg5 Qe2 $1 {[%mdl 576] Double Attack}) 42. Be4 (42. Bd3 $142 Ra5 43. Qxd6) 42... Qxa3 $2 ({Black should play} 42... Re8 $19 43. Bg6 Rf8 44. Qxd6 Qf6) 43. Qf5 $11 {[%csl Ge4][%cal Rf5h7] The position is equal.} Kg8 44. Bd5+ Kh8 45. Be4 {[%csl Ge4][%cal Rf5h7]} Kg8 46. Bd5+ Kh8 {Accuracy: White = 60%, Black = 43%.} 1/2-1/2

[Event "ROC Nova College 2019"]
[Site "Haarlem"]
[Date "2019.06.29"]
[Round "4.2"]
[White "Zwirs, Nico"]
[Black "Sadler, Matthew D"]
[Result "1/2-1/2"]
[WhiteElo "2387"]
[BlackElo "2692"]
[Annotator "TA"]
[PlyCount "76"]
[EventDate "2019.06.28"]
[EventType "swiss"]
[EventCountry "NED"]
[SourceTitle "playchess.com"]
[Source "ChessBase"]
[SourceQuality "1"]

{[%evp 13,76,0,23,16,23,21,24,19,22,2,13,20,78,91,72,72,59,59,62,67,90,56,97,93,91,91,91,91,91,91,91,84,91,91,91,91,99,95,143,126,134,91,91,91,91,91,91,91,91,91,91,0,91,91,91,91,91,0,91,91,91,0,91,0,91]} 1. e4 e6 2. d4 d5 3. Nc3 Nf6 4. e5 Nfd7 5. f4 c5 6. Nf3 Nc6 7. Be3 a6 8. Ne2 {C11: French: Classical System: 4 e5 and 4 Bg5 dxe4} (8. Qd2 b5 9. a3 Rb8 10. dxc5 Bxc5 11. Bxc5 Nxc5 12. b4 Nd7 13. Bd3 Qb6 14. Ne2 f6 15. exf6 Nxf6 16. Ned4 Nxd4 17. Nxd4 {½-½ (31) Grischuk,A (2769)-Short,N (2652) Douglas 2018}) 8... Be7 9. c3 O-O 10. g3 {White has an edge.} b5 11. h4 a5 $146 ({Predecessor:} 11... b4 12. cxb4 Nxb4 13. Nc3 cxd4 14. Nxd4 Bb7 {0-1 (37) Kuijf,M (2470)-Gurevich,M (2590) Germany 1996}) 12. Qc2 f5 (12... b4 $11 {remains equal.}) 13. Ng5 $16 Nb6 14. dxc5 Nc4 15. Bf2 h6 16. Nf3 Bd7 17. Bg2 b4 18. O-O Qb8 19. Nd2 Nxd2 20. Qxd2 {c4! is the strong threat.} Qa7 21. cxb4 axb4 22. Rfc1 Rfc8 23. b3 Qb7 24. Rc2 Ra5 {[#]} 25. Rac1 $1 Rca8 26. Nd4 h5 27. Bf1 Nxd4 28. Bxd4 {Black must now prevent c6.} Bc6 29. Be2 g6 30. Bf1 Kf7 31. Bd3 R8a7 32. Bf1 (32. Re1 $16) 32... Bd8 (32... Ra8 $1 $11 {keeps the balance.}) 33. Rb1 Ra3 34. Bd3 Qb8 35. Bf1 Qb7 $1 36. Kh1 Qb8 37. Kg1 Qb7 $1 38. Kh1 Qb8 $1 {Accuracy: White = 62%, Black = 58%.} 1/2-1/2

[Event "ROC Nova College 2019"]
[Site "Haarlem"]
[Date "2019.06.29"]
[Round "4.3"]
[White "Sumets, Andrey"]
[Black "Admiraal, Miguoel"]
[Result "1/2-1/2"]
[WhiteElo "2577"]
[BlackElo "2507"]
[Annotator "TA"]
[PlyCount "57"]
[EventDate "2019.06.28"]
[EventType "swiss"]
[EventCountry "NED"]
[SourceTitle "playchess.com"]
[Source "ChessBase"]
[SourceQuality "1"]

{[%evp 11,57,7,14,9,15,22,26,0,0,0,9,0,0,0,0,-25,14,13,27,19,45,34,27,29,38,37,52,48,50,34,41,13,24,0,0,0,0,-15,-14,-45,0,-17,-17,-17,-17,-24,-11,-17]} 1. d4 d5 2. c4 c6 3. cxd5 cxd5 4. Bf4 Nc6 {[%cal Bb8c6,Bc6a5,Ba5c4][%mdl 32]} 5. e3 Nf6 6. Nc3 Bg4 7. Qb3 {D10: Slav Defence: 3 cxd5 (without early Nf3) and 3 Nc3} Na5 8. Qa4+ Bd7 9. Qd1 {White has an edge.} (9. Qc2 e6 10. Bd3 Be7 11. Nf3 Rc8 12. O-O Nc6 13. Qe2 Nh5 14. Be5 O-O 15. h3 f5 {1-0 (38) Korobov,A (2694)-Rodshtein,M (2674) Czech Republic 2018}) 9... e6 10. Bd3 Nc4 11. Qe2 Rc8 {...Qa5 is the strong threat.} 12. Nf3 Bb4 13. Rc1 O-O (13... Ne4 $5 14. Bxe4 dxe4 $11) 14. O-O h6 15. Ne5 Nd6 $146 ({Predecessor:} 15... Nxe5 16. Bxe5 Bxc3 17. Rxc3 Rxc3 18. bxc3 {½-½ (26) Juergens,V (2310)-Hermann,M (2305) Germany 2007}) 16. Nb1 Qe7 17. a3 Ba5 18. b4 Rxc1 19. Rxc1 Bb6 20. Nd2 Ba4 21. g4 Nfe4 22. Bxe4 dxe4 23. Nec4 Nxc4 24. Nxc4 {[#] And now Bd6 would win.} Rc8 25. Qe1 Qd8 26. Nxb6 axb6 27. h3 Bb5 28. Bg3 Kh7 29. Rc3 {Accuracy: White = 46%, Black = 55%.} 1/2-1/2

[Event "ROC Nova College 2019"]
[Site "Haarlem"]
[Date "2019.06.29"]
[Round "4.4"]
[White "Jonkman, Harmen"]
[Black "Cebula, Jerzy"]
[Result "1-0"]
[WhiteElo "2394"]
[BlackElo "2038"]
[Annotator "TA"]
[PlyCount "45"]
[EventDate "2019.06.28"]
[EventType "swiss"]
[EventCountry "NED"]
[SourceTitle "playchess.com"]
[Source "ChessBase"]
[SourceQuality "1"]

{[%evp 12,45,22,14,17,18,25,23,28,20,54,52,22,8,95,100,97,34,60,36,41,35,203,125,133,130,142,134,130,113,446,435,1057,1038,1024,955]} 1. e4 e5 2. Nf3 Nc6 3. Bc4 Nf6 4. d3 Bc5 5. O-O O-O 6. Bg5 h6 7. Bh4 g5 {C50: Hungarian Defence and Giuoco Pianissimo} (7... Be7 8. Bg3 d6 9. a4 Be6 10. Nbd2 Bxc4 11. Nxc4 g6 12. c3 Nh5 13. Qb3 Rb8 14. Rfe1 Bf6 15. Rad1 {½-½ (40) Adhiban,B (2668)-So,W (2776) Douglas 2018}) 8. Bg3 d6 9. c3 Bb6 {White has an edge.} 10. a4 {[%cal Ba2a4,Ba4a5][%mdl 32]} a6 11. Nbd2 $146 {[%cal Bb1d2,Bd2f1,Bf1e3][%mdl 32]} ({Predecessor:} 11. b4 Ne7 12. Nbd2 Ng6 13. d4 Qe7 14. Re1 Nf4 15. Bb3 {0-1 (37) Katona,F (2249)-Zupe,M (2378) Hungary 2003}) 11... g4 12. Nh4 Ne7 (12... Nh5 $11) 13. a5 Ba7 14. Re1 ({White should try} 14. Qe1 $16) 14... Nh5 $14 15. Nf1 $36 {[%mdl 2048] Black is under pressure.} Kh7 16. d4 f6 $2 {[#]} (16... Nc6 $14) 17. Be2 Rg8 18. Ne3 Nxg3 19. hxg3 h5 20. Qb3 {Black must now prevent Qf7+.} exd4 $2 {[%mdl 8192]} (20... Rf8 $16) 21. Qf7+ $18 {[%mdl 64] [#] Double Attack. White is clearly winning.} Rg7 (21... Kh6 $142) 22. Qxh5+ {[%mdl 64] Double Attack} Kg8 23. Bc4+ {Accuracy: White = 55%, Black = 28%.} 1-0

[Event "ROC Nova College 2019"]
[Site "Haarlem"]
[Date "2019.06.30"]
[Round "5.1"]
[White "Van Oosterom, Chiel"]
[Black "Kevlishvili, Robby"]
[Result "1-0"]
[WhiteElo "2397"]
[BlackElo "2473"]
[Annotator "ChessBase"]
[PlyCount "91"]
[EventDate "2019.06.28"]
[EventType "swiss"]
[EventCountry "NED"]
[SourceTitle "playchess.com"]
[Source "ChessBase"]
[SourceQuality "1"]
[TimeControl "5400+15"]

1. c4 {[%emt 0:00:00]} e5 {[%emt 0:00:00]} 2. Nc3 {[%emt 0:00:00]} Nf6 {[%emt 0:00:00]} 3. Nf3 {[%emt 0:00:08]} Nc6 {[%emt 0:00:03]} 4. e4 {[%emt 0:00:12]} Bb4 {[%emt 0:00:25]} 5. d3 {[%emt 0:00:15]} d6 {[%emt 0:00:13]} 6. a3 {[%emt 0:00:22]} Bc5 {[%emt 0:00:24]} 7. b4 {[%emt 0:00:53]} Bb6 {[%emt 0:00:36]} 8. Na4 {[%emt 0:01:05]} Bd4 {[%emt 0:01:31]} 9. Nxd4 {[%emt 0:00:59]} Nxd4 {[%emt 0:00:38]} 10. Be2 {[%emt 0:03:36]} a5 {[%emt 0:00:44]} 11. b5 {[%emt 0:08:11]} Nd7 {[%emt 0:07:05]} 12. Be3 {[%emt 0:01:55]} Ne6 {[%emt 0:00:26]} 13. O-O {[%emt 0:01:06]} Ndc5 {[%emt 0:00:16]} 14. Nc3 {[%emt 0:01:08]} O-O {[%emt 0:02:08]} 15. Re1 {[%emt 0:07:56]} c6 {[%emt 0:03:14]} 16. Bf1 {[%emt 0:02:54]} a4 {[%emt 0:01:13]} 17. Rb1 {[%emt 0:08:12]} Qa5 {[%emt 1:15:19]} 18. Rb4 {[%emt 0:13:33]} Bd7 {[%emt 0:00:00]} 19. Qc1 {[%emt 0:02:06]} Nd4 {[%emt 0:00:00]} 20. Qb2 {[%emt 0:01:20]} Ndb3 {[%emt 0:00:00]} 21. Rd1 {[%emt 0:01:35]} Rfc8 {[%emt 0:00:00]} 22. d4 {[%emt 0:09:10]} exd4 {[%emt 0:00:00]} 23. Bxd4 {[%emt 0:00:07]} Nxd4 {[%emt 0:00:00]} 24. Rxd4 {[%emt 0:00:06]} Qc7 {[%emt 0:00:00]} 25. Rd1 {[%emt 0:06:10]} Re8 {[%emt 0:00:00]} 26. Qc2 {[%emt 0:01:11]} Re6 {[%emt 0:00:00]} 27. Nxa4 {[%emt 0:02:35]} Nxe4 {[%emt 0:00:00]} 28. c5 {[%emt 0:00:44]} Nxc5 {[%emt 0:00:00]} 29. b6 {[%emt 0:01:42]} Qc8 {[%emt 0:00:00]} 30. Nxc5 {[%emt 0:00:57]} dxc5 {[%emt 0:00:00]} 31. Qxc5 {[%emt 0:00:19]} Re8 {[%emt 0:00:00]} 32. a4 {[%emt 0:01:03]} Be6 {[%emt 0:00:00]} 33. a5 {[%emt 0:04:21]} Rd8 {[%emt 0:00:00]} 34. Rxd8+ {[%emt 0:03:37]} Qxd8 {[%emt 0:00:00]} 35. a6 {[%emt 0:00:27]} bxa6 {[%emt 0:00:00]} 36. b7 {[%emt 0:00:06]} Rb8 {[%emt 0:00:00]} 37. Bxa6 {[%emt 0:00:40]} Qc7 {[%emt 0:00:00]} 38. Rd4 {[%emt 0:01:31]} h6 {[%emt 0:00:00]} 39. Rd6 {[%emt 0:00:32]} Bd7 {[%emt 0:00:00]} 40. Qd4 {[%emt 0:00:12]} Be6 {[%emt 0:00:00]} 41. Qc5 {[%emt 0:00:26]} Bd7 {[%emt 0:00:00]} 42. Qd4 {[%emt 0:00:29]} Be6 {[%emt 0:00:00]} 43. h4 {[%emt 0:00:13]} Bd5 {[%emt 0:00:00]} 44. Qe5 {[%emt 0:00:19]} f6 {[%emt 0:00:00]} 45. Qg3 {[%emt 0:00:20]} Re8 {[%emt 0:00:00]} 46. Re6 {[%emt 0:00:24]} 1-0